| 000 | 01254nam0a2200349 i 4500 | ||
|---|---|---|---|
| 001 | RU\NLR\BIBL_A\011149941 | ||
| 005 | 20240921130432.0 | ||
| 010 |
_a9785699845781 _93000 |
||
| 021 |
_aRU _b2016-42531 _92725 |
||
| 035 | _a(NILC)RuMoRGB-008497654 | ||
| 035 | _a(NLR Aleph) 011149941 | ||
| 090 |
_a11667065 _c11667065 |
||
| 100 | _a20160609d2016 u y0rusy50 ca | ||
| 101 | 0 | _arus | |
| 102 | _aRU | ||
| 105 | _ay|||z|||000 | ||
| 200 | 1 |
_aРусские и государство _e[национальная идея до и после "крымской весны"] _fМихаил Ремизов |
|
| 210 |
_aМосква _cЭксмо _d2016 |
||
| 215 |
_a398, [1] с. _d21 |
||
| 225 | 1 | _aАктуальная тема | |
| 333 | _a16+ | ||
| 606 | 1 |
_aРусский вопрос _yРоссийская Федерация _92440798 _3RU\NLR\AUTH\661452065 |
|
| 606 | 1 |
_aНациональная идея _yРоссийская Федерация _92081366 _3RU\NLR\AUTH\661257344 |
|
| 675 | _a316 | ||
| 686 | 1 | _aТ3(2)74-36 | |
| 686 | 1 | _aТ3(2)74-72 | |
| 700 | 1 |
_aРемизов _bМ. В. _gМихаил Витальевич |
|
| 801 | 0 |
_aRU _bРГБ _c20160525 _gRCR |
|
| 942 | _cBOOK | ||
| 980 | _aNBR | ||